000 00677nam a2200181Ia 4500
008 090630s9999 xx 000 0 und d
082 _b8039
100 _aअभ्यंकर कुसुम.
245 _aचौदाव्या मजल्यावरुन.
_cअभ्यंकर कुसुम.
260 _bशशिदीप.
_c1985
300 _a107
600 _aअभ्यंकर कुसुम.
630 _aचौदाव्या मजल्यावरुन.
655 _aकादंबरी.
700 _aअभ्यंकर कुसुम.
730 _aचौदाव्या मजल्यावरुन.
942 _cBOOK
999 _c259895
_d259895